Disney, Nickelodeon, or Cartoon Network Quiz Stats

 Plays Quiz Updated Dec 24, 2015

Also try: Cartoons
Challenge
Share
Tweet
Embed
Score 0/50 Timer 04:00
2 Plays Today
TV Show TV Channel Stations % Correct
Hannah Montana???
84.4%
Wizards Of Waverly Place???
83%
Suite Life of Zack and Cody???
82.9%
SpongeBob SquarePants???
82.8%
Suite Life On Deck???
82.4%
That's So Raven???
80.9%
Tom And Jerry???
80.3%
Looney Tunes???
80.2%
What's New, Scooby Doo????
78.3%
Good Luck Charlie???
78.1%
The Fairly OddParents???
76.9%
Cory In the House???
76.8%
The Powerpuff Girls???
76.8%
Dexter's Laboratory???
76.5%
Sonny With A Chance???
76.4%
Phineas And Ferb???
76.2%
iCarly???
75.5%
JONAS???
75.3%
Shake It Up???
75.3%
Ed, Edd, and Eddy???
75.1%
Jimmy Neutron???
74.7%
Drake And Josh???
74.4%
Adventure Time???
72.3%
Victorious???
71.2%
Kim Possible???
71.2%
TV Show TV Channel Stations % Correct
Teen Titans???
71%
Ben 10 Alien Force???
71%
The Grim Adventures Of Billy And Mandy???
70.5%
Zoey 101???
70%
Johnny Test???
68.9%
Chowder???
68%
Penguins of Madagascar???
67.9%
A.N.T. Farm???
67.6%
So Random!???
67.4%
Big Time Rush???
67%
Codename: Kids Next Door???
67%
Regular Show???
65.7%
Star Wars: The Clone Wars???
65.1%
Back At The Barnyard???
63.7%
Zeke And Luther???
62.8%
Planet Sheen???
61.7%
True Jackson VP???
61.1%
Pair Of Kings???
59.9%
Fish Hooks???
59.6%
T.U.F.F. Puppy???
54.6%
Fanboy And Chum Chum???
53.4%
Mighty B???
52.3%
Supah Ninjas???
48.1%
Power Rangers Samurai???
46.5%
The Troop???
45.3%

You're not logged in!

Compare scores with friends on all Sporcle quizzes.
Join for Free
OR
Log In

You Might Also Like...

Show Comments

Extras

Top Quizzes Today


Score Distribution

Your Account Isn't Verified!

In order to create a playlist on Sporcle, you need to verify the email address you used during registration. Go to your Sporcle Settings to finish the process.

Report this User

Report this user for behavior that violates our Community Guidelines.

Details: